Manometric techniques : a manual describing methods applicable to the study of tissue metabolism
Αποθηκεύτηκε σε:
| Κύριος συγγραφέας: | |
|---|---|
| Άλλοι συγγραφείς: | , |
| Μορφή: | Βιβλίο |
| Γλώσσα: | English |
| Δημοσίευση: |
Minneapolis :
Burgess,
1957
|
| Έκδοση: | 3rd ed. |
| Θέματα: | |
| Ετικέτες: |
Προσθήκη ετικέτας
Δεν υπάρχουν, Καταχωρήστε ετικέτα πρώτοι!
|
MARC
| LEADER | 00000cam a2200000 i 4500 | ||
|---|---|---|---|
| 001 | 1/6531 | ||
| 008 | 000615s1957 eng d | ||
| 035 | |l 10061964 | ||
| 040 | |a GR-MY-UA |b gre |e aacr | ||
| 041 | 0 | |a eng | |
| 082 | 0 | |a 612.015028 | |
| 100 | 1 | |a Umbreit, W. W. |q (Wayne William), |d 1913- | |
| 245 | 1 | 0 | |a Manometric techniques : |b a manual describing methods applicable to the study of tissue metabolism / |c by W.W. Umbreit, R.H. Burris and J.F. Stauffer. ; Chapters of specialized techniques by P.P. Cohen [and others] ; contributions by J.A. Bain [and others] |
| 250 | |a 3rd ed. | ||
| 260 | |a Minneapolis : |b Burgess, |c 1957 | ||
| 300 | |a 338 σ.; |b εικ.; |c 29 εκ. | ||
| 504 | |a Βιβλιογραφία: σ. 308-322 | ||
| 504 | |a Ευρετήριο: σ. 323-338 | ||
| 650 | 0 | 0 | |a Tissue metabolism. |
| 650 | 0 | 0 | |a Manometers. |
| 700 | 1 | |a Stauffer, John Frederick. | |
| 700 | 1 | |a Burris, Robert H. |q (Robert Harza), |d 1914-2010. | |
| 852 | |a INST |b LESVOS |e 20000615 |h 612.015028 UMB |p 005100023464 |q 005100023464 |t BK |y 0 | ||
| 909 | |a Λ |b 072921 | ||
| 970 | |z 2000/06/ΟΙΚΟΝΟΜΟΠΟΥΛΟΥ ΧΡΙΣΤΙΝΑ | ||